01854nam a2200385 a 4500001001000000003000900010005001700019007000300036008004100039020001500080040003000095049000900125082002400134100004900158245009400207260003600301264004600337300002800383336002700411337003300438338002800471500005700499504003900556590002600595650004300621650005400664650002800718650005600746942001400802952013300816952011800949952012401067952026001191999001701451000013926DO-SdBNP20250210143957.0ta091202s2004 dr 000 e spa d a9993479071 aDO-SdBNPbspacBNPHUerda aBNPD 4aRD864.44bC433l2221 aChahín, Plinio,d1959-eautor4aut.92488110aLiteratura sin lenguaje? :bescritos sobre le silencio y otros textos /cPlinio Chahín. aSanto Domingo :bBúho,c2004. 4aSanto Domingo :bEditora Búho,c©2004. a404 páginas ;c23 cm. atextobtxt2rdacontent asin mediaciónbn2rdamedia avolumenbnc2rdacarrier aIncluye datos biográficos del autor en las solapas aBibliografía : páginas 395-404 aInventariado, 2025/BT 4aLiteratura dominicanaySIGLO 20931555 4aCrítica literariazRepública Dominicana96288 0aEnsayos dominicanos965 4aCrítica literariaxColecciones de escritos931556 2ddccLBS1 001054708DSaGRbGRcHDd2015-06-16iLF1l0oRD864.44 C433lp13926-30r2020-06-25te. 3w2020-06-25yLFDSZPréstamo en sala 0010718PDaPDbPDcHDd2009-12-02iLF1l0oRD864.44 C433lp13926-10r2020-06-25w2020-06-25yLFPDZNo se presta 0010718PDaPDbPDcHDd2009-12-02iLF1l0oRD864.44 C433lp13926-20r2020-06-25te. 2w2020-06-25yLFPDZNo se presta 00102ddc56708DSaBNPHUbBNPHUcHDd2025-02-10eDonado por la Presidencia de la República Dominicana 2023.l0oBNPHU DS RD864.44 C433lp2025-0894r2025-02-10te.4w2025-02-10yLBS1zPerteneció a la biblioteca personal de René Rodríguez Soriano. c13531d13531